El ministerio y los ministerios según el nuevo testamento / [por] Jean Delorme, (Dirigido por)

שמור ב:
מידע ביבליוגרפי
מחבר ראשי: Delorme, Jean (Dirigido por) (autor)
פורמט: ספר
סדרה:Col. "Biblioteca teologica cristiandad" (4)
נושאים:
תגים: הוספת תג
אין תגיות, היה/י הראשונ/ה לתייג את הרשומה!

MARC

LEADER 00000nam^a2200000^u^4500
001 000537961
005 20250521000000.0
008 060220s1000^^^^^^^^^^^^r^^^^^000^0^spa^d
009 20260310131111.156
035 |a FMI 000004384 
037 |a Acervo Xavier Clavigero 
096 |a 5.4/36/C 
100 |a Delorme, Jean (Dirigido por)  |e (autor) 
245 1 3 |a El ministerio y los ministerios según el nuevo testamento / [por] Jean Delorme, (Dirigido por) 
264 |a Madrid : Cristiandad, 1975 
300 |a 484 p. 
336 |a texto  |b txt  |2 rdacontenido 
337 |a sin mediación  |b n  |2 rdamedio 
338 |a volumen  |b nc  |2 rdasoporte 
440 0 |a Col. "Biblioteca teologica cristiandad" (4) 
597 |a Con la colaboración de Paul Bony / Edouard Cothenet / Henry Denis y otros. Trad. del francés ("Le ministere et les ministeres selon le nouveau testament") por T. Muños Schaffino. 
649 |a XX 
650 |a Eclesiología 
910 |a Fondo Francisco Migoya Covarrubias S.J. 
920 |a Impresos - Libros 
930 |a Fondos Especiales 
905 |a 134 
901 |a SBC05690  |b IT2  |c ESP  |u 20250521 
902 |a https://opac.biblio.iteso.mx/vufind/Record/000537961